[Event "North Sea Cup 23th"]
[Site "Esbjerg"]
[Date "2008.07.13"]
[Round "4"]
[White "Noe, Lars"]
[Black "Zyde, Fadmal"]
[Result "1-0"]
[WhiteElo "1936"]
[BlackElo "1659"]
[PlyCount "43"]
[EventDate "2008.07.11"]
[EventType "swiss"]
[EventRounds "10"]
[EventCountry "DEN"]
[SourceTitle "CBM 125 Extra"]
[Source "ChessBase"]
[SourceDate "2008.09.01"]
[SourceVersion "1"]
[SourceVersionDate "2008.09.01"]
[SourceQuality "1"]

1. d4 d5 2. c4 dxc4 3. e4 e6 4. Bxc4 Nf6 5. Nc3 g6 6. Bg5 Be7 7. Bh6 Bf8 8. Bxf8 Kxf8 9. e5 Nh5 10. Qd2 Nc6 11. Nf3 a6 12. a4 f6 13. Qh6+ Kg8 14. d5 Na5 15. Ba2 Qe7 16. 0-0 fxe5 17. Rfe1 b5 18. Nxe5 Ng7 19. dxe6 Bxe6 20. Nd5 Bxd5 21. Bxd5+ Ne6 22. Bxa8 1-0